[Event "VI Memorial Nicola Palladino B"]
[Site "Milano ITA"]
[Date "2014.04.17"]
[Round "1"]
[White "Izzo, Riccardo"]
[Black "Delle Fave, Fabio"]
[WhiteElo "1600"]
[BlackElo "1777"]
[Result "0-1"]
[PlyCount "100"]
[EventDate "2014.04.17"]

1. d4 Nf6 2. c4 e6 3. Nf3 d5 4. Bg5 Be7 5. e3 Nbd7 6. Nc3 h6 7. Bxf6 Nxf6 8.
Rc1 O-O 9. Qb3 c6 10. cxd5 exd5 11. Be2 Qa5 12. O-O Qb4 13. Qxb4 Bxb4 14. Bd3
Be6 15. a3 Bd6 16. Na4 Nd7 17. Nc5 Nxc5 18. dxc5 Be7 19. Nd4 Bf6 20. b4 a6 21.
Rb1 Bd7 22. Bf5 Rfd8 23. Bxd7 Rxd7 24. Rfd1 g6 25. Nb3 Re8 26. Kf1 Re4 27. Nd4
Rde7 28. h3 Bg7 29. g3 f5 30. a4 Kf7 31. b5 axb5 32. axb5 Bxd4 33. Rxd4 Kf6 34.
bxc6 bxc6 35. Rb6 R7e6 36. h4 h5 37. Rbb4 Rxd4 38. exd4 g5 39. hxg5+ Kxg5 40.
Kg2 f4 41. Rb8 Rf6 42. Rg8+ Kf5 43. f3 fxg3 44. Kxg3 Rg6+ 45. Rxg6 Kxg6 46. Kh4
Kh6 47. f4 Kg6 48. Kg3 Kf5 49. Kf3 h4 50. Ke3 h3 0-1

[Event "VI Memorial Nicola Palladino B"]
[Site "Milano ITA"]
[Date "2014.04.17"]
[Round "1"]
[White "Mazzoccoli, Simone"]
[Black "Pipitone, Filippo Massimo"]
[WhiteElo "1761"]
[BlackElo "1546"]
[Result "1/2-1/2"]
[PlyCount "54"]
[EventDate "2014.04.17"]

1. e4 c5 2. Nc3 Nc6 3. g3 g6 4. Bg2 Bg7 5. d3 d6 6. Nge2 Bg4 7. h3 Bd7 8. O-O
Nf6 9. Bg5 O-O 10. Qd2 e5 11. Nd5 Be6 12. Nec3 Nd4 13. f4 Nxe4 14. dxe4 f6 15.
Bh4 Bh6 16. Bxf6 Rxf6 17. Nxf6+ Qxf6 18. Qf2 Bc4 19. Nd5 Bxd5 20. exd5 exf4 21.
gxf4 Qxf4 22. c3 Qxf2+ 23. Rxf2 Nf5 24. Kh2 Re8 25. Rd1 Re5 26. Kh1 Ng3+ 27.
Kh2 Nf5 1/2-1/2

[Event "VI Memorial Nicola Palladino B"]
[Site "Milano ITA"]
[Date "2014.04.17"]
[Round "1"]
[White "Pasini, Nicolo'"]
[Black "Brambilla, Luca Massimo"]
[WhiteElo "1488"]
[BlackElo "1726"]
[Result "0-1"]
[PlyCount "72"]
[EventDate "2014.04.17"]

1. e4 e6 2. d4 d5 3. Nc3 Bb4 4. e5 c5 5. a3 Bxc3+ 6. bxc3 Ne7 7. Qg4 Qc7 8.
Qxg7 Rg8 9. Qxh7 cxd4 10. Ne2 Nbc6 11. Bd2 dxc3 12. Bxc3 Nxe5 13. g3 Nf3+ 14.
Kd1 Ng5 15. Qd3 Ne4 16. Qe3 Nf5 17. Qf3 Qc5 18. Ke1 Bd7 19. Bh3 Nfd6 20. Bb4
Qc4 21. Qd3 Ba4 22. Qxc4 Nxc4 23. Rc1 a5 24. f3 Ng5 25. Bc5 Nxh3 26. f4 Rc8 27.
Bd4 Nxa3 28. Kf1 Bb5 29. c4 Rxc4 30. Kg2 Rxc1 31. Rxc1 Kd7 32. Bc5 Bxe2 33.
Bxa3 Nxf4+ 34. Kf2 Nd3+ 35. Kxe2 Nxc1+ 36. Bxc1 Rc8 0-1

[Event "VI Memorial Nicola Palladino B"]
[Site "Milano ITA"]
[Date "2014.04.17"]
[Round "1"]
[White "Pirrello, Christian"]
[Black "Mapelli, Davide"]
[WhiteElo "1662"]
[BlackElo "1485"]
[Result "0-1"]
[PlyCount "30"]
[EventDate "2014.04.17"]

1. d4 Nf6 2. c4 g6 3. Nc3 Bg7 4. e4 d6 5. f3 O-O 6. Be3 e5 7. d5 Nbd7 8. Qd2 b6
9. Nge2 Bb7 10. Bh6 Nxe4 11. Nxe4 Qh4+ 12. g3 Qxh6 13. Qd3 f5 14. Nf2 Nc5 15.
Qa3 a5 0-1

[Event "VI Memorial Nicola Palladino B"]
[Site "Milano ITA"]
[Date "2014.04.17"]
[Round "1"]
[White "Pollio, Ciro"]
[Black "Milano, Maria"]
[WhiteElo "1773"]
[BlackElo "1599"]
[Result "0-1"]
[PlyCount "88"]
[EventDate "2014.04.17"]

1. d4 Nf6 2. c4 e6 3. a3 c5 4. e3 d5 5. Nc3 Be7 6. Nf3 Nc6 7. dxc5 Bxc5 8. b4
Be7 9. Bb2 O-O 10. Be2 dxc4 11. Bxc4 a6 12. O-O b5 13. Ba2 Bb7 14. Qe2 Qc7 15.
Rac1 Rac8 16. Bb1 Qb8 17. Rfd1 Rfd8 18. Rxd8+ Rxd8 19. Ne4 Nxe4 20. Bxe4 Qd6
21. Bb1 Bf6 22. Bxf6 gxf6 23. h3 Ne5 24. Nxe5 Qxe5 25. Rc5 Qa1 26. Qc2 f5 27.
f3 Qxa3 28. Kh2 Qxe3 29. Qc1 Qxc1 30. Rxc1 Rc8 31. Rd1 Bd5 32. Rd4 Rc4 33. Rd2
Rxb4 34. Bxf5 Rc4 35. Bd3 Rc5 36. Kg3 a5 37. Kf4 Kg7 38. Ke3 b4 39. Bb1 Rc3+
40. Kd4 Rc4+ 41. Ke3 a4 42. Kd3 b3 43. Rb2 Rc5 44. Kd2 a3 0-1

[Event "VI Memorial Nicola Palladino B"]
[Site "Milano ITA"]
[Date "2014.04.17"]
[Round "1"]
[White "Verderame, Alberto"]
[Black "Carbone, Lorenzo"]
[WhiteElo "1485"]
[BlackElo "1651"]
[Result "0-1"]
[PlyCount "56"]
[EventDate "2014.04.17"]

1. Nf3 c5 2. c3 Nf6 3. b3 e6 4. d4 cxd4 5. cxd4 Be7 6. Bb2 d5 7. Nbd2 O-O 8. e3
b6 9. Bd3 Ba6 10. Bxa6 Nxa6 11. a3 Rc8 12. Qe2 Nc7 13. O-O Qd7 14. Ne5 Qb5 15.
Qe1 Qe8 16. b4 Nb5 17. Kh1 Nd6 18. f4 Rc2 19. Rb1 Qb5 20. Rf3 Rfc8 21. Rh3 Nde4
22. Nxe4 Nxe4 23. Ng4 Re2 24. Qd1 Rd2 25. Qe1 Rcc2 26. Ba1 Rxg2 27. Qd1 f5 28.
Ne5 Nf2+ 0-1

[Event "VI Memorial Nicola Palladino B"]
[Site "Milano ITA"]
[Date "2014.04.18"]
[Round "2"]
[White "Baronio, Gaia"]
[Black "Nassiri, Shair"]
[WhiteElo "1636"]
[BlackElo "1512"]
[Result "1-0"]
[PlyCount "31"]
[EventDate "2014.04.17"]

1. e4 e5 2. Nf3 Nf6 3. Nxe5 d6 4. Nf3 Nxe4 5. d4 d5 6. Bd3 Bd6 7. O-O O-O 8. c4
c6 9. Nc3 Re8 10. Re1 Bf5 11. Qc2 Nxc3 12. Bxf5 Rxe1+ 13. Nxe1 Qe7 14. Qxc3 g6
15. c5 Bc7 16. Bd3 1-0

[Event "VI Memorial Nicola Palladino B"]
[Site "Milano ITA"]
[Date "2014.04.18"]
[Round "2"]
[White "Botta, Massimiliano"]
[Black "Pasini, Nicolo'"]
[WhiteElo "1727"]
[BlackElo "1488"]
[Result "1-0"]
[PlyCount "40"]
[EventDate "2014.04.17"]

1. e4 c5 2. Nf3 e6 3. d4 cxd4 4. Nxd4 Nc6 5. Nc3 Qc7 6. Be2 a6 7. f4 b5 8. Bf3
Bb7 9. Be3 Nf6 10. g4 h5 11. h3 hxg4 12. hxg4 Rxh1+ 13. Bxh1 Nxd4 14. Qxd4 Nxg4
15. O-O-O Bc5 16. Qxc5 Qxc5 17. Bxc5 Rc8 18. Bd4 g6 19. Bf3 Nh6 20. Rh1 Ng8 1-0

[Event "VI Memorial Nicola Palladino B"]
[Site "Milano ITA"]
[Date "2014.04.18"]
[Round "2"]
[White "Brambilla, Luca Massimo"]
[Black "Invernizzi, Ferruccio"]
[WhiteElo "1726"]
[BlackElo "1650"]
[Result "1-0"]
[PlyCount "69"]
[EventDate "2014.04.17"]

1. d4 d6 2. c4 e5 3. Nf3 exd4 4. Nxd4 Nf6 5. Nc3 g6 6. Bg5 Bg7 7. e3 O-O 8. Be2
c6 9. O-O Qc7 10. Qd2 Re8 11. Rad1 Be6 12. Nxe6 Rxe6 13. Bf4 Ne8 14. c5 Be5 15.
Bxe5 dxe5 16. Bc4 Re7 17. Qd8 Kf8 18. Ne4 Qxd8 19. Rxd8 Rd7 20. Rd1 Rxd1+ 21.
Rxd1 f5 22. Ng5 Nf6 23. Ne6+ Ke7 24. Nc7 Nbd7 25. Nxa8 Kd8 26. Be6 Kc8 27. h4
Nd5 28. Bxd5 cxd5 29. Rxd5 e4 30. h5 Nf6 31. hxg6 hxg6 32. Rd6 Nd7 33. c6 bxc6
34. Rxc6+ Kb8 35. Rxg6 1-0

[Event "VI Memorial Nicola Palladino B"]
[Site "Milano ITA"]
[Date "2014.04.18"]
[Round "2"]
[White "Cagnotto, Marco"]
[Black "Greco, Giovanni"]
[WhiteElo "1546"]
[BlackElo "1433"]
[Result "1-0"]
[PlyCount "124"]
[EventDate "2014.04.17"]

1. e4 e5 2. Nf3 Nc6 3. d4 exd4 4. Nxd4 Nxd4 5. Qxd4 d6 6. Bc4 Nf6 7. Nc3 h6 8.
Be3 Be7 9. f3 b6 10. Nd5 Bb7 11. g3 Rg8 12. Nxe7 Qxe7 13. O-O-O O-O-O 14. Qd3
d5 15. Bxd5 Nxd5 16. exd5 Bxd5 17. Qf5+ Be6 18. Qe4 Kb8 19. a3 Rxd1+ 20. Rxd1
Rd8 21. Rd4 Rxd4 22. Bxd4 f6 23. f4 Qe8 24. Kd2 Bf7 25. Qxe8+ Bxe8 26. Bc3 h5
27. Ke3 Bg6 28. Kd2 Kc8 29. Bb4 c5 30. Bc3 c4 31. Bb4 Bf7 32. f5 g6 33. fxg6
Bxg6 34. Be7 f5 35. Ke3 Kd7 36. Bf6 Ke6 37. Bd4 Be8 38. c3 Bg6 39. a4 Be8 40.
a5 bxa5 41. Bxa7 Bc6 42. Kd4 Bd5 43. Bb8 a4 44. Bf4 Bc6 45. Kxc4 Bd7 46. Kb4
Kd5 47. c4+ Ke4 48. b3 axb3 49. Kxb3 h4 50. Kb4 h3 51. Kc5 Kf3 52. Kd6 Bc8 53.
c5 Kg2 54. g4 fxg4 55. c6 Kf3 56. Bg3 Ke4 57. Kc7 Bf5 58. Kb8 Kd5 59. c7 Kc6
60. c8=Q+ Bxc8 61. Kxc8 Kd5 62. Kd7 Ke4 1-0

[Event "VI Memorial Nicola Palladino B"]
[Site "Milano ITA"]
[Date "2014.04.18"]
[Round "2"]
[White "Carbone, Lorenzo"]
[Black "Milano, Maria"]
[WhiteElo "1651"]
[BlackElo "1599"]
[Result "1/2-1/2"]
[PlyCount "28"]
[EventDate "2014.04.17"]

1. e4 e6 2. Nf3 d5 3. exd5 exd5 4. d4 Bd6 5. Bd3 Nc6 6. a3 Bg4 7. Be3 Nge7 8.
Nc3 a6 9. O-O Qd7 10. b4 b5 11. Re1 O-O 12. h3 Bh5 13. Bxh7+ Kh8 14. Bd3 Bg6
1/2-1/2

[Event "VI Memorial Nicola Palladino B"]
[Site "Milano ITA"]
[Date "2014.04.18"]
[Round "2"]
[White "Delle Fave, Fabio"]
[Black "Taccani Stella, Alberto"]
[WhiteElo "1777"]
[BlackElo "1362"]
[Result "1-0"]
[PlyCount "49"]
[EventDate "2014.04.17"]

1. e4 e6 2. d4 d5 3. exd5 exd5 4. Bd3 Nf6 5. Be3 Bd6 6. Nf3 h6 7. h3 Nc6 8. c3
Bd7 9. Qc2 Qe7 10. Nbd2 Bf4 11. Nf1 Bxe3 12. Nxe3 O-O-O 13. O-O-O Rhg8 14. Rhe1
Qd6 15. Bb5 Ne4 16. Bxc6 Qxc6 17. Ne5 Qa6 18. Nxd5 f5 19. f3 Ba4 20. Ne7+ Kb8
21. b3 Rge8 22. Nxf5 Nd6 23. bxa4 Nxf5 24. Qxf5 Qxa4 25. Qc2 1-0

[Event "VI Memorial Nicola Palladino B"]
[Site "Milano ITA"]
[Date "2014.04.18"]
[Round "2"]
[White "Fantina, Carla"]
[Black "Izzo, Riccardo"]
[WhiteElo "1435"]
[BlackElo "1600"]
[Result "0-1"]
[PlyCount "84"]
[EventDate "2014.04.17"]

1. c4 e5 2. Nc3 Nf6 3. e4 Nc6 4. d3 h6 5. g3 Bb4 6. Bd2 d6 7. Bg2 O-O 8. Nd5
Bxd2+ 9. Qxd2 Nd4 10. Ne2 Nxe2 11. Qxe2 Nxd5 12. cxd5 f5 13. O-O f4 14. f3 Qg5
15. Qf2 Bd7 16. a4 a6 17. b3 Rf6 18. Rac1 Rc8 19. Kh1 Rg6 20. g4 Qe7 21. Qa7
Qh4 22. Qf2 Qxf2 23. Rxf2 Rf6 24. h4 g5 25. h5 c6 26. Rfc2 Rff8 27. Rc4 cxd5
28. exd5 b5 29. axb5 axb5 30. Rc7 Rfd8 31. Rxc8 Rxc8 32. Rxc8+ Bxc8 33. b4 Bb7
34. Kg1 Bxd5 35. Kf2 Kf7 36. Ke2 Ke6 37. Kd2 Bc6 38. Kc3 d5 39. d4 e4 40. fxe4
dxe4 41. Kd2 e3+ 42. Ke2 Bxg2 0-1

[Event "VI Memorial Nicola Palladino B"]
[Site "Milano ITA"]
[Date "2014.04.18"]
[Round "2"]
[White "Mapelli, Davide"]
[Black "Mazzoccoli, Simone"]
[WhiteElo "1485"]
[BlackElo "1761"]
[Result "0-1"]
[PlyCount "34"]
[EventDate "2014.04.17"]

1. e4 c5 2. Nc3 Nc6 3. Bb5 g6 4. f4 Bg7 5. Nf3 d6 6. O-O e6 7. Qe1 Nge7 8. Qh4
O-O 9. Be2 d5 10. d3 Rb8 11. f5 exf5 12. Bh6 f6 13. Bf4 Ra8 14. Ng5 fxg5 15.
Bxg5 dxe4 16. dxe4 Qd4+ 17. Kh1 Bf6 0-1

[Event "VI Memorial Nicola Palladino B"]
[Site "Milano ITA"]
[Date "2014.04.18"]
[Round "2"]
[White "Pipitone, Filippo Massimo"]
[Black "Pollio, Ciro"]
[WhiteElo "1546"]
[BlackElo "1773"]
[Result "1/2-1/2"]
[PlyCount "44"]
[EventDate "2014.04.17"]

1. d4 d5 2. Nf3 Nf6 3. e3 c5 4. b3 Nc6 5. Bd3 Bg4 6. Bb2 e6 7. O-O cxd4 8. exd4
Bd6 9. Nbd2 O-O 10. c4 Nxd4 11. Bxd4 e5 12. c5 Bc7 13. Bb2 e4 14. Bxf6 Qxf6 15.
Nxe4 dxe4 16. Bxe4 Qf4 17. Re1 Bxf3 18. Bxf3 Qxh2+ 19. Kf1 Qh1+ 20. Ke2 Rfe8+
21. Kd3 Rad8+ 22. Kc2 Qh6 1/2-1/2

[Event "VI Memorial Nicola Palladino B"]
[Site "Milano ITA"]
[Date "2014.04.18"]
[Round "2"]
[White "Pirrello, Christian"]
[Black "Verderame, Alberto"]
[WhiteElo "1662"]
[BlackElo "1485"]
[Result "1-0"]
[PlyCount "73"]
[EventDate "2014.04.17"]

1. d4 b5 2. e4 c6 3. Bd3 d6 4. Ne2 Nf6 5. O-O Bg4 6. f3 Bh5 7. Nd2 Qc7 8. c3 e5
9. a4 bxa4 10. Qxa4 Be7 11. dxe5 dxe5 12. Nc4 O-O 13. Be3 c5 14. Rfd1 Nbd7 15.
Bf2 Nb6 16. Qc2 Nxc4 17. Bxc4 Bd6 18. Ra6 Rfd8 19. Qa4 Be7 20. Bd5 Nxd5 21.
exd5 Bd6 22. Ng3 Bg6 23. Ne4 Bxe4 24. fxe4 Qb7 25. Qa3 Rab8 26. Rd2 h6 27. Rxa7
Qc8 28. Qa6 Qg4 29. Qe2 Qg5 30. Qf3 Rf8 31. Be3 Qh4 32. g3 Qd8 33. Rf2 f6 34.
Qg4 Rf7 35. Qe6 Qf8 36. Rxf7 Qxf7 37. Qxd6 1-0

[Event "VI Memorial Nicola Palladino B"]
[Site "Milano ITA"]
[Date "2014.04.18"]
[Round "2"]
[White "Poletto, Daniele"]
[Black "Colonetti, Fabio"]
[WhiteElo "1765"]
[BlackElo "1521"]
[Result "1/2-1/2"]
[PlyCount "71"]
[EventDate "2014.04.17"]

1. c4 c5 2. Nc3 Nc6 3. g3 g6 4. Bg2 Bg7 5. e4 d6 6. Nge2 Nf6 7. O-O O-O 8. d3
Ne8 9. h3 Nc7 10. Be3 Ne6 11. f4 Ned4 12. Qd2 a6 13. Kh2 Rb8 14. Bxd4 Bxd4 15.
Nxd4 Nxd4 16. Ne2 Nxe2 17. Qxe2 e5 18. f5 f6 19. h4 Kg7 20. g4 g5 21. hxg5 fxg5
22. Kg3 Qf6 23. Rh1 h6 24. Rh3 Rh8 25. Rah1 Bd7 26. Qe1 Rh7 27. b4 b6 28. Bf3
Rbh8 29. Bd1 Qd8 30. Qc3 Qc7 31. Qa3 Qa7 32. b5 a5 33. Qb3 Qc7 34. a4 Qd8 35.
Qb2 Qf6 36. Qf2 1/2-1/2

[Event "VI Memorial Nicola Palladino B"]
[Site "Milano ITA"]
[Date "2014.04.18"]
[Round "2"]
[White "Romagnoli, Thomas"]
[Black "Carli, Federico"]
[WhiteElo "1732"]
[BlackElo "1572"]
[Result "0-1"]
[PlyCount "48"]
[EventDate "2014.04.17"]

1. e4 e5 2. Nf3 Nc6 3. Bc4 Nf6 4. d3 Bc5 5. Nc3 h6 6. Be3 Bb6 7. O-O d6 8. h3
O-O 9. Qd2 Na5 10. Bb3 Nxb3 11. axb3 Be6 12. Rad1 Ba5 13. Qe2 Qe7 14. Bd2 Bb6
15. Na4 Bd7 16. Bc3 Bb5 17. Nxb6 axb6 18. Nh2 Nh7 19. f4 f6 20. Kh1 Rad8 21.
Ng4 exf4 22. Rxf4 f5 23. Ne3 fxe4 24. Rxe4 Qxe4 0-1

[Event "VI Memorial Nicola Palladino B"]
[Site "Milano ITA"]
[Date "2014.04.19"]
[Round "3"]
[White "Brambilla, Luca Massimo"]
[Black "Delle Fave, Fabio"]
[WhiteElo "1726"]
[BlackElo "1777"]
[Result "1/2-1/2"]
[PlyCount "70"]
[EventDate "2014.04.17"]

1. d4 Nf6 2. c4 e6 3. Nc3 Bb4 4. Qc2 d5 5. e3 O-O 6. Nf3 Nbd7 7. Bd3 g6 8. a3
Be7 9. O-O c5 10. Rd1 cxd4 11. exd4 dxc4 12. Bxc4 Nb6 13. Ba2 Nbd5 14. Bh6 Re8
15. Ne5 Bd7 16. Nxd5 Nxd5 17. Bxd5 exd5 18. Qb3 Bc6 19. Qf3 Bf6 20. Bf4 Re6 21.
b4 a6 22. Rac1 Rc8 23. Rd3 Bxe5 24. Bxe5 f6 25. Bf4 Qe8 26. h3 Re1+ 27. Rxe1
Qxe1+ 28. Kh2 Qe4 29. Qxe4 dxe4 30. Rc3 Rd8 31. Be3 f5 32. Kg3 Kf7 33. h4 Rd5
34. Rc5 Ke6 35. Kf4 Kf6 1/2-1/2

[Event "VI Memorial Nicola Palladino B"]
[Site "Milano ITA"]
[Date "2014.04.19"]
[Round "3"]
[White "Colonetti, Fabio"]
[Black "Botta, Massimiliano"]
[WhiteElo "1521"]
[BlackElo "1727"]
[Result "1/2-1/2"]
[PlyCount "43"]
[EventDate "2014.04.17"]

1. e4 c5 2. Nf3 d6 3. d4 cxd4 4. Nxd4 Nf6 5. Nc3 a6 6. Be3 e5 7. Nb3 b5 8. Bg5
Nbd7 9. f3 Bb7 10. Qd2 Be7 11. a3 Rc8 12. Be2 O-O 13. O-O h6 14. Bxf6 Nxf6 15.
Rfd1 h5 16. Rac1 h4 17. h3 Nh5 18. Rb1 Qb6+ 19. Kh2 Qf2 20. Qe1 Qe3 21. Qd2 Qf2
22. Qe1 1/2-1/2

[Event "VI Memorial Nicola Palladino B"]
[Site "Milano ITA"]
[Date "2014.04.19"]
[Round "3"]
[White "Greco, Giovanni"]
[Black "Fantina, Carla"]
[WhiteElo "1433"]
[BlackElo "1435"]
[Result "1-0"]
[PlyCount "91"]
[EventDate "2014.04.17"]

1. d4 Nf6 2. c4 g6 3. Nf3 Bg7 4. Nc3 d6 5. Bg5 h6 6. Bh4 O-O 7. e3 c6 8. Be2
Bf5 9. O-O g5 10. Bg3 Bh7 11. h4 Ne4 12. Nxe4 Bxe4 13. hxg5 Bxf3 14. Bxf3 hxg5
15. Be4 e6 16. Qh5 f5 17. Bd3 Qe7 18. f3 Rf7 19. Kf2 Bf6 20. Qh1 Rh7 21. Bh2
Qd7 22. g3 Na6 23. Qg2 Kf7 24. Rh1 Rah8 25. g4 Nb4 26. Bb1 c5 27. a3 Na6 28.
gxf5 exf5 29. d5 Bxb2 30. Ra2 Bf6 31. e4 Bd4+ 32. Kf1 Bf6 33. exf5 Rh4 34. Qe2
Re8 35. Be4 Be5 36. Qg2 Rg8 37. Bxe5 dxe5 38. Rxh4 gxh4 39. Qh3 Qe7 40. Rg2 Rh8
41. Qg4 Ke8 42. Qg6+ Kd7 43. Qg7 Rh7 44. Qxe7+ Kxe7 45. f6+ Kxf6 46. Bxh7 1-0

[Event "VI Memorial Nicola Palladino B"]
[Site "Milano ITA"]
[Date "2014.04.18"]
[Round "3"]
[White "Invernizzi, Ferruccio"]
[Black "Pipitone, Filippo Massimo"]
[WhiteElo "1650"]
[BlackElo "1546"]
[Result "0-1"]
[PlyCount "166"]
[EventDate "2014.04.17"]

1. e4 c5 2. d4 cxd4 3. c3 dxc3 4. Nxc3 Nc6 5. Nf3 d6 6. Bc4 e6 7. O-O Be7 8.
Qe2 Nf6 9. Rd1 e5 10. Bg5 a6 11. Rac1 h6 12. Bh4 O-O 13. Bb3 Bg4 14. Bg3 Nd4
15. Qe3 Nxb3 16. axb3 Qb8 17. h3 Be6 18. Na4 Nd7 19. Nb6 Nxb6 20. Qxb6 Rc8 21.
Nd2 Rxc1 22. Rxc1 Bg5 23. Rc2 Bd8 24. Qb4 b5 25. f4 Qb6+ 26. Kh1 a5 27. Qc3 Rc8
28. Qd3 f6 29. fxe5 dxe5 30. Rxc8 Bxc8 31. Bf2 Qc7 32. Qxb5 Bd7 33. Qd5+ Kh7
34. Nc4 Bc6 35. Qd3 Bb5 36. Qd6 Qxd6 37. Nxd6 Bc6 38. Be1 Be7 39. Nc4 Bxe4 40.
Bxa5 Bc5 41. b4 Bd4 42. b5 Bd5 43. b3 Be4 44. b6 Bd5 45. Nd6 e4 46. b7 Ba7 47.
Bc7 e3 48. Nb5 e2 49. Bg3 Bb8 50. Be1 g5 51. b4 h5 52. Kg1 Bxb7 53. Kf2 Ba6 54.
Nc3 Ba7+ 55. Kf3 Bb7+ 56. Kxe2 Bxg2 57. h4 g4 58. Bg3 Bf3+ 59. Kd3 Kg6 60. Ne4
f5 61. Nc5 Kf7 62. Kd4 Ke7 63. Kc4 Bxc5 64. Kxc5 Ke6 65. b5 Kf6 66. Kd6 Kf7 67.
b6 Kf6 68. Kc7 Ke6 69. b7 Bxb7 70. Kxb7 Kd5 71. Kc7 Ke4 72. Kd6 f4 73. Be1 g3
74. Ke6 g2 75. Bf2 f3 76. Kf6 Kf4 77. Kg6 Kg4 78. Kh6 g1=Q 79. Bxg1 Kxh4 80.
Bf2+ Kg4 81. Kg6 h4 82. Kf6 h3 83. Bg1 Kg3 0-1

[Event "VI Memorial Nicola Palladino B"]
[Site "Milano ITA"]
[Date "2014.04.19"]
[Round "3"]
[White "Izzo, Riccardo"]
[Black "Mapelli, Davide"]
[WhiteElo "1600"]
[BlackElo "1485"]
[Result "1-0"]
[PlyCount "145"]
[EventDate "2014.04.17"]

1. d4 Nf6 2. c4 g6 3. Nf3 Bg7 4. Nc3 d6 5. Bg5 O-O 6. e3 Bg4 7. h3 Bf5 8. Bd3
Bd7 9. e4 Qc8 10. a3 Re8 11. Qd2 Nc6 12. d5 Na5 13. Qc2 b6 14. b4 Nb7 15. Be3
c5 16. b5 a6 17. Rb1 axb5 18. Nxb5 Bxb5 19. Rxb5 Rxa3 20. Rxb6 Ra1+ 21. Rb1
Rxb1+ 22. Qxb1 Na5 23. O-O Qa6 24. Nd2 Nd7 25. Rc1 Rb8 26. Qc2 Nb6 27. Rb1 Ra8
28. Qa2 Bc3 29. Rc1 Bg7 30. Nb3 Nxb3 31. Qxb3 Rb8 32. Rb1 Qa5 33. Qb5 Qxb5 34.
Rxb5 Bc3 35. f4 Kf8 36. e5 Bb4 37. Kf2 Ke8 38. Ke2 Kd7 39. Bd2 Bxd2 40. Kxd2
Kc7 41. Ke3 Ra8 42. Rb2 Ra3 43. Rc2 Kb7 44. g4 Ka6 45. h4 Ka5 46. h5 Kb4 47.
hxg6 hxg6 48. e6 f6 49. g5 f5 50. Rb2+ Ka5 51. Kd2 Ka6 52. Kc2 Kb7 53. Rb3 Ra2+
54. Rb2 Ra3 55. Kd2 Kc7 56. Rc2 Na4 57. Ke2 Nc3+ 58. Kd2 Ne4+ 59. Bxe4 fxe4 60.
Rc3 e3+ 61. Rxe3 Rxe3 62. Kxe3 Kd8 63. Ke4 Ke8 64. Kd3 Kf8 65. Kc3 Ke8 66. Kb3
Kd8 67. Ka4 Kc8 68. Kb5 Kb7 69. f5 gxf5 70. g6 f4 71. g7 f3 72. g8=Q f2 73. Qf7
1-0

[Event "VI Memorial Nicola Palladino B"]
[Site "Milano ITA"]
[Date "2014.04.19"]
[Round "3"]
[White "Mazzoccoli, Simone"]
[Black "Baronio, Gaia"]
[WhiteElo "1761"]
[BlackElo "1636"]
[Result "1/2-1/2"]
[PlyCount "78"]
[EventDate "2014.04.17"]

1. e4 c6 2. d4 d5 3. exd5 cxd5 4. c4 Nf6 5. Nc3 Nc6 6. Nf3 Bg4 7. cxd5 Nxd5 8.
Qb3 Bxf3 9. gxf3 e6 10. Qxb7 Nxd4 11. Bb5+ Nxb5 12. Qc6+ Ke7 13. Qxb5 Qd7 14.
Nxd5+ Qxd5 15. Qxd5 exd5 16. Be3 Ke6 17. O-O-O Bb4 18. f4 Rhd8 19. a3 Ba5 20.
Rhg1 g6 21. h4 f5 22. h5 Kf7 23. hxg6+ hxg6 24. Rh1 Rac8+ 25. Kb1 Bb6 26. Bxb6
axb6 27. Rh7+ Kf6 28. Rb7 Rd6 29. Re1 d4 30. Ree7 d3 31. Red7 Rcc6 32. Rxd6+
Rxd6 33. Kc1 d2+ 34. Kd1 g5 35. fxg5+ Kxg5 36. Rg7+ Kf4 37. Rg3 Ke4 38. Re3+
Kf4 39. Rg3 Ke4 1/2-1/2

[Event "VI Memorial Nicola Palladino B"]
[Site "Milano ITA"]
[Date "2014.04.19"]
[Round "3"]
[White "Milano, Maria"]
[Black "Poletto, Daniele"]
[WhiteElo "1599"]
[BlackElo "1765"]
[Result "1/2-1/2"]
[PlyCount "40"]
[EventDate "2014.04.17"]

1. d4 Nf6 2. c4 g6 3. Nf3 Bg7 4. g3 O-O 5. Bg2 d6 6. O-O c5 7. Nc3 cxd4 8. Nxd4
Nbd7 9. b3 Rb8 10. Bb2 a6 11. Qc2 Qc7 12. Rfd1 Ne5 13. Rac1 Nc6 14. a3 Nxd4 15.
Rxd4 Bd7 16. Nd5 Nxd5 17. Rxd5 Bxb2 18. Qxb2 Bc6 19. Rd3 Bxg2 20. Kxg2 Qc6+
1/2-1/2

[Event "VI Memorial Nicola Palladino B"]
[Site "Milano ITA"]
[Date "2014.04.19"]
[Round "3"]
[White "Nassiri, Shair"]
[Black "Pirrello, Christian"]
[WhiteElo "1512"]
[BlackElo "1662"]
[Result "1-0"]
[PlyCount "69"]
[EventDate "2014.04.17"]

1. d4 Nf6 2. c4 g6 3. Nc3 Bg7 4. Nf3 d6 5. g3 O-O 6. Bg2 Nc6 7. O-O Bf5 8. Re1
Ne4 9. Nh4 Nxc3 10. bxc3 Bd7 11. Rb1 Qc8 12. e4 b6 13. Be3 Na5 14. Bf1 c5 15.
Rc1 Be6 16. d5 Bg4 17. Qd2 Re8 18. Bh6 Bh8 19. f3 Bd7 20. f4 Qc7 21. Re3 e5 22.
f5 Bg7 23. Rf3 Bh8 24. Qf2 Re7 25. fxg6 hxg6 26. Nxg6 fxg6 27. Rf8+ Rxf8 28.
Qxf8+ Kh7 29. Qxe7+ Kxh6 30. Bh3 Nxc4 31. Bxd7 Bf6 32. Qxf6 Qxd7 33. Rf1 Qg4
34. Qh8+ Kg5 35. h4+ 1-0

[Event "VI Memorial Nicola Palladino B"]
[Site "Milano ITA"]
[Date "2014.04.19"]
[Round "3"]
[White "Pollio, Ciro"]
[Black "Romagnoli, Thomas"]
[WhiteElo "1773"]
[BlackElo "1732"]
[Result "1/2-1/2"]
[PlyCount "43"]
[EventDate "2014.04.17"]

1. d4 Nf6 2. c4 e6 3. a3 c5 4. e3 b6 5. Nc3 Bb7 6. Nf3 Be7 7. Be2 O-O 8. dxc5
Bxc5 9. b4 Be7 10. O-O d6 11. Qb3 Nbd7 12. Rd1 a6 13. Bb2 Rc8 14. Rac1 Qc7 15.
Nd2 Qb8 16. Ba1 d5 17. cxd5 Nxd5 18. Bf3 Nxc3 19. Bxc3 Bf6 20. Bxf6 Nxf6 21.
Bxb7 Qxb7 22. Nf3 1/2-1/2

[Event "VI Memorial Nicola Palladino B"]
[Site "Milano ITA"]
[Date "2014.04.19"]
[Round "3"]
[White "Taccani Stella, Alberto"]
[Black "Cagnotto, Marco"]
[WhiteElo "1362"]
[BlackElo "1546"]
[Result "0-1"]
[PlyCount "94"]
[EventDate "2014.04.17"]

1. d4 Nf6 2. Nf3 g6 3. e3 Bg7 4. Bd3 O-O 5. c4 d6 6. O-O c5 7. Nc3 cxd4 8. exd4
Nbd7 9. Re1 e6 10. b4 b6 11. h3 Bb7 12. Ba3 Re8 13. Re3 Rc8 14. Qc2 Bh6 15. Re2
Bxf3 16. gxf3 Nh5 17. Re4 Nf4 18. Rxf4 Bxf4 19. Nb5 a6 20. Nc3 Qg5+ 21. Kf1 Qd8
22. Bc1 Bxc1 23. Rxc1 Qf6 24. Ne4 Qe7 25. Qd2 Nf6 26. Qg5 Nxe4 27. Qxe7 Nd2+
28. Ke2 Rxe7 29. Kxd2 e5 30. d5 Rec7 31. a4 f5 32. f4 exf4 33. Ke2 b5 34. axb5
axb5 35. c5 Rb8 36. c6 Kf7 37. Kf3 Kf6 38. Kxf4 g5+ 39. Kf3 Ke5 40. Rc2 Rf8 41.
Bxb5 Rb8 42. Re2+ Kxd5 43. Rd2+ Ke5 44. Re2+ Kf6 45. Bc4 Rxc6 46. Re6+ Kg7 47.
Re7+ Kf8 0-1

[Event "VI Memorial Nicola Palladino B"]
[Site "Milano ITA"]
[Date "2014.04.19"]
[Round "3"]
[White "Verderame, Alberto"]
[Black "Pasini, Nicolo'"]
[WhiteElo "1485"]
[BlackElo "1488"]
[Result "0-1"]
[PlyCount "46"]
[EventDate "2014.04.17"]

1. Nf3 Nf6 2. c3 c5 3. b3 Nc6 4. d4 cxd4 5. cxd4 Qc7 6. Bb2 d5 7. Nbd2 Bf5 8.
e3 Nb4 9. Bb5+ Nd7 10. Bxd7+ Qxd7 11. O-O Bd3 12. Ne5 Qb5 13. Nxd3 Qxd3 14. a3
Nc6 15. b4 e6 16. Rc1 Bd6 17. Rc3 Qb5 18. Nf3 a5 19. Qc2 axb4 20. axb4 Nxb4 21.
Rc8+ Kd7 22. Rxh8 Nxc2 23. Rxa8 Qxb2 0-1

[Event "VI Memorial Nicola Palladino B"]
[Site "Milano ITA"]
[Date "2014.04.19"]
[Round "4"]
[White "Baronio, Gaia"]
[Black "Brambilla, Luca Massimo"]
[WhiteElo "1636"]
[BlackElo "1726"]
[Result "1/2-1/2"]
[PlyCount "65"]
[EventDate "2014.04.17"]

1. e4 e6 2. d4 d5 3. Nd2 Nc6 4. c3 e5 5. dxe5 Nxe5 6. exd5 Qxd5 7. Ngf3 Nd3+ 8.
Bxd3 Qxd3 9. Qe2+ Qxe2+ 10. Kxe2 Bd7 11. Re1 O-O-O 12. Kf1 f6 13. Nb3 Bd6 14.
Be3 b6 15. h3 Ne7 16. Rad1 Nf5 17. Bc1 Rhe8 18. Kg1 Rxe1+ 19. Rxe1 Re8 20.
Rxe8+ Bxe8 21. Nfd4 Nxd4 22. Nxd4 a5 23. Nf5 Bf8 24. Bf4 Kd7 25. Kf1 g6 26. Nd4
c5 27. Nb5 Bf7 28. b3 c4 29. Nd4 Bc5 30. Be3 Kd6 31. Ke1 f5 32. Kd1 h5 33. h4
1/2-1/2